| 000 | 00531nam a2200217Ia 4500 | ||
|---|---|---|---|
| 003 | OSt | ||
| 005 | 20230509094947.0 | ||
| 008 | 210423s2007 xx 000 0 und d | ||
| 020 | _a1433088912 | ||
| 040 | _cAL | ||
| 041 | _aeng | ||
| 082 |
_a612.01 _223 _bGANW |
||
| 100 |
_aGANONG (William F). _9100233 |
||
| 245 | _aReview of medical physiology. | ||
| 250 | _a22 | ||
| 260 |
_aNew Delhi _bOxford University Press _c2007 |
||
| 300 | _axii,912 | ||
| 365 |
_b695 _cINR |
||
| 906 | _amedical ; physiology | ||
| 942 |
_2ddc _cBK |
||
| 999 |
_c163921 _d163921 |
||